00572nam a22002057a 450000500170000001000110001702000100002803500110003803700160004904000120006508200170007710000240009424500750011826000390019327000140023230000250024650000510027165000270032265000170034920170124110008.0 a102215 c00.00 a102215 bCen Lib/Ret aDPLbEN a352.073bALD aAlderfer, Harold F. aAmerican local government and administration /cby Harold F. Alderfer  bMacmillan CompanyaNew York c1955 bNew York  axix, 662p.c20cm(Hb) aIncludes bibliographical references and index  aLocal government zUSA alocal units